000 00741nam a22002297a 4500
005 20100805144659.0
010 _aENG-98414
020 _c275.00
_a9788177099638
020 _c275.00
_a8177099639
035 _aEN-81947
037 _bDBAD/PUB
082 _a510
100 _aAggarwal, R. S.
_97015
245 _aSenior secondary school mathematics for class 12 /
_cby R. S. Aggarwal
250 _a12th ed.
260 _aNew Delhi
_bBharti Bhawan
_c2010
270 _a4271/3 Ansari Road, Dariyaganj
_bNew Delhi
_e110002
300 _a verious pegings
_b22cm (Pbk)
700 _96809
942 _2ddc
_cEN
_h510
_mAGG
999 _c39501
_d39501